Kẻ trăn trở

সংরক্ষণ করুন:
গ্রন্থ-পঞ্জীর বিবরন
প্রধান লেখক: Lương, Hoài Nam
বিন্যাস: গ্রন্থ
প্রকাশিত: Hà Nội Thế giới. Cty sách Thái Hà 2015
সংস্করন:Tái bản lần 1
বিষয়গুলি:
ট্যাগগুলো: ট্যাগ যুক্ত করুন
কোনো ট্যাগ নেই, প্রথমজন হিসাবে ট্যাগ করুন!
Thư viện lưu trữ: Trung tâm Học liệu Lê Vũ Hùng, Trường Đại học Đồng Tháp
LEADER 00897aam a22003258a 4500
001 00035929
005 20171026081025.0
008 170105s2015 ||||||Viesd
020 # # |c 98000  |a 978 604 77 1529 9 
041 0 # |a Vie 
082 1 4 |a 303.4  |b K200TR 
100 1 # |a Lương, Hoài Nam 
245 0 0 |a Kẻ trăn trở  |c Lương Hoài Nam 
250 # # |a Tái bản lần 1 
260 # # |a Hà Nội  |b Thế giới. Cty sách Thái Hà  |c 2015 
300 # # |a 458tr.  |c 21 cm. 
653 # # |a Bài viết 
653 # # |a Đời sống xã hội 
852 # # |b Kho mượn  |j KM.0020432 
852 # # |b Kho đọc  |j KD.0019418 
852 # # |j KD.0019418  |j KM.0020432 
910 |d 05/01/2017 
980 # # |a Trung tâm Học liệu Lê Vũ Hùng, Trường Đại học Đồng Tháp